| 000 | 00597nam a22001817a 4500 | ||
|---|---|---|---|
| 003 | UA-OsUOA | ||
| 001 | 11613 | ||
| 007 | ta | ||
| 008 | 20050329b un ||||| |||| 00| 0 ukr d | ||
| 100 | _aМіщук Г. | ||
| 942 | _cSA | ||
| 040 |
_aUA-OsUOA _cUA-OsUOA _dUA-OsUOA |
||
| 245 |
_aОсобливості застосування біржових інструментів хеджування ризиків _cГ. Міщук; Л. Соболевська, С. Цюпко |
||
| 300 | _aС.68-71 | ||
| 955 | _a0 | ||
| 773 | 0 |
_w0 _tЕкономіст _dКиїв _d2005 _g№2 |
|
| 650 | 7 |
_aУкраїна _2UDC |
|
| 999 |
_c297774 _d297774 |
||